000 00640nam a2200181 a 4500
001 000046877
005 20201002053158.0
008 180404s2014 dr a r 000 0 spa d
020 _a9945495569
040 _aDO-SdBNP
_bspa
_cBNPHU
082 _axxxx
_bE24a, 1ro.
245 0 0 _aEducación artística 1 :
_bprimer grado, primer ciclo, educación media /
_cproducción editorial María del Jesús de la Rosa.
260 _aSanto Domingo :
_bActualidad,
_c2014.
300 _a174p. :
_bil. ;
_c28cm.
504 _aBibliografía : p. 176
590 _aInventariado, 2018/MFF
710 1 _aRepública Dominicana.
_bMinisterio de Educación.
_943100
999 _c46366
_d46366